Loading...

Farming systems research in India: strategies for implementation

Bibliographic Details
Other Authors: Raman,K V, Balaguru, T
Format: Printed Book
Published: Hyderabad National Academy of Agricultural Research Management 1992
Subjects:
LEADER 00799nam a22002057a 4500
003 OSt
082 |a 630  |b RAM/FA 
245 |a Farming systems research in India: strategies for implementation 
260 |a Hyderabad  |b National Academy of Agricultural Research Management  |c 1992 
300 |a x, 211p. 
500 |a Proceedings of the national workshop november 25-28,1991 NAARM, India Associated with Ford Foundation, New Delhi  
546 |a English 
650 |a Farming Systems 
650 |a Farming Systems Research 
650 |a Farming Systems Research and Extension 
700 |a Raman,K V 
700 |a Balaguru, T 
942 |2 ddc  |c BK 
999 |c 160648  |d 160648 
952 |0 0  |1 0  |2 ddc  |4 0  |6 630_000000000000000_RAMFA  |7 0  |8 Gen  |9 159388  |a KAUCLV  |b KAUCLV  |c GENERAL  |d 2018-05-29  |o 630 RAM/FA  |p 809481  |r 2018-05-29  |y BK